000 01499nam a2200229Ia 4500
003 Ost
005 20260416102353.0
008 260416s9999||||xx |||||||||||||| ||und||
040 _cfsecg
041 _aara
082 _a336.2
100 _aلجناف، عبد الرزاق
_eمؤلف
245 0 _aمحاضرات في مقياس جباية المؤسسة /
_c عبد الرزاق لجناف
260 _aالجزائر
_bجامعة الجزائر3: كلية العلوم الإقتصادية، العلوم التجارية وعلوم التسيير
_c2018
300 _a147 ورقة
_c30 سم
504 _aمراجع ص. 142
520 _aمدخل للجباية، الالتزامات الجبائية، قانون الضرائب المباشرة والرسوم المماثلة، قانون التسجيل والطابع، قانون الجمارك، مكونات الجباية المحلية والجباية البترولية، اجراءات المنازعات الجبائية، اجراءات الرقابة الجبائية، اجراءات التحصيل الجبائي، اجراءات التحديد الجزافي للاسس الخاضعة للضريبة وكذا أحكام متعلقة بتسيير المؤسسات الكبرى
653 _aالجباية
653 _aالضرائب
710 _aجامعة الجزائر3: كلية العلوم الإقتصادية، العلوم التجارية وعلوم التسيير
_eناشر علمي
942 _cHANDOUT
999 _c41087
_d41087